[Event "WC-2017-Q-00001"]
[Site "LSS email"]
[Date "2017.08.22"]
[Round "?"]
[White "Binas, Jindrich"]
[Black "Morar, Sergiy"]
[Result "1-0"]
[WhiteElo "2333"]
[BlackElo "2378"]
[PlyCount "111"]
[EventDate "2017.09.01"]
[EventType "tourn (corr)"]
[EventRounds "12"]
[EventCountry "GER"]
[SourceTitle "Corr 2022"]
[Source "ChessBase"]
[SourceDate "2021.10.24"]
[SourceVersion "1"]
[SourceVersionDate "2021.10.24"]
[SourceQuality "1"]

1. e4 c5 2. Nf3 Nc6 3. d4 cxd4 4. Nxd4 e5 5. Nb5 d6 6. c4 Be7 7. N1c3 a6 8. Na3 Be6 9. Nc2 Rc8 10. Be2 Na5 11. b3 b5 12. Nd5 bxc4 13. 0-0 Nf6 14. b4 Nc6 15. Bxc4 Nb8 16. Qe2 0-0 17. a4 Nxd5 18. exd5 Bd7 19. b5 Qc7 20. Na3 axb5 21. axb5 Bf5 22. Qf3 Bg6 23. Be2 Nd7 24. Nc4 Rb8 25. Qe3 Nc5 26. Ba3 Ne4 27. b6 Qb7 28. Rfd1 Rfc8 29. Bb4 Rxc4 30. Bxc4 Bg5 31. Qe1 Bh4 32. g3 Bd8 33. Ba5 h5 34. Bd3 Ng5 35. Qe3 Bxd3 36. Qxd3 e4 37. Qe3 Qc8 38. h4 Nf3+ 39. Kg2 Qg4 40. Qf4 Qg6 41. Kh1 Ne5 42. Rdb1 Ng4 43. b7 Bxa5 44. Qg5 Bc7 45. Qxg6 fxg6 46. Ra2 Nf6 47. Ra8 Nd7 48. Rb4 Kf7 49. Rxb8 Bxb8 50. Rxe4 Nb6 51. Rd4 Nd7 52. Kg2 Nc5 53. g4 Kf6 54. Rf4+ Ke7 55. Kg3 Bc7 56. Rb4 1-0

[Event "WC-2017-Q-00001"]
[Site "LSS email"]
[Date "2017.08.22"]
[Round "?"]
[White "Cvak, Rudolf"]
[Black "Morar, Sergiy"]
[Result "1/2-1/2"]
[WhiteElo "2350"]
[BlackElo "2378"]
[PlyCount "64"]
[EventDate "2017.09.01"]
[EventType "tourn (corr)"]
[EventRounds "12"]
[EventCountry "GER"]
[SourceTitle "Corr 2022"]
[Source "ChessBase"]
[SourceDate "2021.10.24"]
[SourceVersion "1"]
[SourceVersionDate "2021.10.24"]
[SourceQuality "1"]

1. e4 c5 2. Nf3 Nc6 3. d4 cxd4 4. Nxd4 Nf6 5. Nc3 e5 6. Ndb5 d6 7. Nd5 Nxd5 8. exd5 Nb8 9. a4 Be7 10. Be2 0-0 11. 0-0 f5 12. f4 Nd7 13. fxe5 Nxe5 14. c3 a6 15. Nd4 g6 16. Qb3 Re8 17. Be3 Bf6 18. Rad1 Bd7 19. Rfe1 Qa5 20. Bf2 Rab8 21. Bf1 Qc7 22. Qb4 Qc5 23. Qxc5 dxc5 24. Ne6 Bxa4 25. Ra1 Bb3 26. Bg3 Bxd5 27. Nc7 Be4 28. Nxe8 Rxe8 29. Rad1 Kf7 30. Bxe5 Bxe5 31. g3 Re7 32. Bg2 Bxg2 1/2-1/2

[Event "WC-2017-Q-00001"]
[Site "LSS email"]
[Date "2017.08.22"]
[Round "?"]
[White "Felicio, Clairton"]
[Black "Morar, Sergiy"]
[Result "1/2-1/2"]
[WhiteElo "2355"]
[BlackElo "2378"]
[PlyCount "55"]
[EventDate "2017.09.01"]
[EventType "tourn (corr)"]
[EventRounds "12"]
[EventCountry "GER"]
[SourceTitle "Corr 2022"]
[Source "ChessBase"]
[SourceDate "2021.10.24"]
[SourceVersion "1"]
[SourceVersionDate "2021.10.24"]
[SourceQuality "1"]

1. e4 c5 2. Nf3 Nc6 3. d4 cxd4 4. Nxd4 Nf6 5. Nc3 e5 6. Ndb5 d6 7. Bg5 a6 8. Na3 b5 9. Bxf6 gxf6 10. Nd5 f5 11. Bd3 Be6 12. c3 Bg7 13. Qh5 0-0 14. exf5 Bxd5 15. f6 e4 16. fxg7 Re8 17. Be2 Ne5 18. 0-0 Qf6 19. Qh3 Rab8 20. Nc2 Bc4 21. Bxc4 bxc4 22. b3 cxb3 23. axb3 Rxb3 24. Ne3 Qe6 25. Qxe6 fxe6 26. Rxa6 d5 27. Nc2 Rxc3 28. Nd4 1/2-1/2

[Event "WC-2017-Q-00001"]
[Site "LSS email"]
[Date "2017.08.22"]
[Round "?"]
[White "Morar, Sergiy"]
[Black "Binas, Jindrich"]
[Result "1/2-1/2"]
[WhiteElo "2378"]
[BlackElo "2333"]
[PlyCount "51"]
[EventDate "2017.09.01"]
[EventType "tourn (corr)"]
[EventRounds "12"]
[EventCountry "GER"]
[SourceTitle "Corr 2022"]
[Source "ChessBase"]
[SourceDate "2021.10.24"]
[SourceVersion "1"]
[SourceVersionDate "2021.10.24"]
[SourceQuality "1"]

1. Nf3 d5 2. d4 Nf6 3. c4 c6 4. e3 Bf5 5. Nc3 e6 6. Nh4 Bg6 7. Nxg6 hxg6 8. h3 Nbd7 9. Bd3 dxc4 10. Bxc4 Qc7 11. Bd2 Rd8 12. Rc1 Be7 13. 0-0 a6 14. Qe2 c5 15. Rfd1 b5 16. Bd3 Qb6 17. a4 b4 18. Ne4 Nxe4 19. Bxe4 0-0 20. b3 a5 21. Qb5 Qa7 22. Qb7 Qxb7 23. Bxb7 cxd4 24. exd4 Nb6 25. Be3 Nd5 26. Bxd5 1/2-1/2

[Event "SM-2015-0-00326"]
[Site "LSS email"]
[Date "2015.06.05"]
[Round "?"]
[White "Brzeszkiewicz, Edmund"]
[Black "Morar, Sergiy"]
[Result "1/2-1/2"]
[WhiteElo "2219"]
[BlackElo "2216"]
[PlyCount "30"]
[EventDate "2015.04.19"]
[EventType "tourn (corr)"]
[EventRounds "6"]
[EventCountry "GER"]
[SourceTitle "Corr 2022"]
[Source "ChessBase"]
[SourceDate "2021.10.24"]
[SourceVersion "1"]
[SourceVersionDate "2021.10.24"]
[SourceQuality "1"]

1. e4 e5 2. Nf3 Nc6 3. Bb5 a6 4. Ba4 Nf6 5. 0-0 Be7 6. Bxc6 dxc6 7. Nc3 Bg4 8. h3 Bh5 9. g4 Bg6 10. Nxe5 Nxe4 11. Nxg6 Nxc3 12. dxc3 hxg6 13. Bf4 Qd7 14. Kg2 0-0-0 15. Qxd7+ Rxd7 1/2-1/2

[Event "SM-2015-0-00326"]
[Site "LSS email"]
[Date "2015.06.05"]
[Round "?"]
[White "Morar, Sergiy"]
[Black "Osipov, Anatoly Vladimirovi"]
[Result "1-0"]
[WhiteElo "2216"]
[BlackElo "2287"]
[PlyCount "61"]
[EventDate "2015.04.19"]
[EventType "tourn (corr)"]
[EventRounds "6"]
[EventCountry "GER"]
[SourceTitle "Corr 2022"]
[Source "ChessBase"]
[SourceDate "2021.10.24"]
[SourceVersion "1"]
[SourceVersionDate "2021.10.24"]
[SourceQuality "1"]

1. e4 c5 2. Nf3 d6 3. d4 cxd4 4. Nxd4 Nf6 5. Nc3 a6 6. h3 e6 7. g4 b5 8. Bg2 Bb7 9. 0-0 Nfd7 10. a4 b4 11. Na2 a5 12. c3 bxc3 13. Nxc3 Nc5 14. Ndb5 Be7 15. Be3 Nba6 16. Qe2 0-0 17. Rad1 Qb8 18. f4 Bc6 19. f5 Nxa4 20. Nd4 Nxc3 21. bxc3 Qc8 22. g5 g6 23. h4 Ba4 24. Ra1 Nc5 25. h5 Qa6 26. hxg6 Qxe2 27. Nxe2 hxg6 28. Bxc5 Bb5 29. f6 Bxf6 30. Bxd6 Bxe2 31. Rxf6 1-0

[Event "SM-2015-0-00326"]
[Site "LSS email"]
[Date "2015.06.05"]
[Round "?"]
[White "Morar, Sergiy"]
[Black "Zolendowski, Cesary"]
[Result "1/2-1/2"]
[WhiteElo "2216"]
[BlackElo "2333"]
[PlyCount "45"]
[EventDate "2015.04.19"]
[EventType "tourn (corr)"]
[EventRounds "6"]
[EventCountry "GER"]
[SourceTitle "Corr 2022"]
[Source "ChessBase"]
[SourceDate "2021.10.24"]
[SourceVersion "1"]
[SourceVersionDate "2021.10.24"]
[SourceQuality "1"]

1. d4 d5 2. c4 e6 3. Nc3 Be7 4. Nf3 Nf6 5. Bg5 h6 6. Bh4 Ne4 7. Bxe7 Qxe7 8. cxd5 Nxc3 9. bxc3 exd5 10. e3 0-0 11. Bd3 c5 12. 0-0 Nc6 13. Re1 Qd6 14. h3 c4 15. Bc2 b5 16. e4 Rb8 17. a4 b4 18. exd5 Ne7 19. Ne5 b3 20. Be4 Ba6 21. Qh5 Rbc8 22. Nc6 Rce8 23. Rad1 1/2-1/2